|
|
|
|
| LEADER |
00000naa2a2200000 4500 |
| 001 |
244168 |
| 005 |
20231031210758.0 |
| 035 |
|
|
|a (RuTPU)RU\TPU\book\265549
|
| 035 |
|
|
|a RU\TPU\book\265548
|
| 090 |
|
|
|a 244168
|
| 100 |
|
|
|a 20131016d2011 k y0rusy50 ca
|
| 101 |
0 |
|
|a rus
|
| 102 |
|
|
|a RU
|
| 200 |
1 |
|
|a Разработка лабораторно-методической базы для определения содержания изотопов плутония в объектах окружающей среды
|f А. А. Кудагелдинов
|
| 463 |
|
0 |
|0 (RuTPU)RU\TPU\book\250354
|t Сборник тезисов лауреатов Всероссийского конкурса научно-исследовательских работ студентов и аспирантов в области физических наук в рамках всероссийского фестиваля науки
|o г. Томск, 25 мая-5 сентября 2011 г.
|f Национальный исследовательский Томский политехнический университет (ТПУ) ; под ред. В. П. Кривобокова, А. П. Потылицына, А. С. Гоголева, К. А. Козина
|v С. 189-191
|d 2011
|p 252 с.
|
| 610 |
1 |
|
|a труды учёных ТПУ
|
| 610 |
1 |
|
|a изотопы плутония
|
| 610 |
1 |
|
|a определение содержаний
|
| 610 |
1 |
|
|a радионуклиды
|
| 610 |
1 |
|
|a техногенные влияния
|
| 610 |
1 |
|
|a лабораторные исследования
|
| 610 |
1 |
|
|a методические аспекты
|
| 700 |
|
1 |
|a Кудагелдинов
|b А. А.
|c геохимик
|c инженер Томского политехнического университета
|f 1986-
|g Андрей Айтмухаметович
|2 stltpush
|3 (RuTPU)RU\TPU\pers\31183
|
| 801 |
|
1 |
|a RU
|b 63413507
|c 20131014
|
| 801 |
|
2 |
|a RU
|b 63413507
|c 20131016
|g RCR
|
| 942 |
|
|
|c BK
|